000 00729nam a2200229 u 4500
005 20240110063623.0
008 130214s2005 r 000 0 eng d
020 _a9703702791
035 _aUPN01000189603
049 _aI
050 4 _aRJ101
_bL4.2
100 1 _aLeigh, Jenny
_933622
245 1 0 _aA Tita le duelen las anginas /
_cJenny Leigh ; il. Woody Fox ; tr. Adriana de la Torre Fernández.
260 _aMéxico :
_bPlaneta :
_c2005.
300 _a32 p. :
_bil. col.
440 3 _aUn libro del doctor Leo Pardus
534 _pTítulo original:
_tHarriet has tonsillitis
650 4 _aNiños
_xSalud e higiene
_94876
650 7 _aLibros ilustrados para niños
_2
_921365
905 _aInfantil
999 _c161706
_d161706